[Event "ODJM B 2017"]
[Site "Willingen GER"]
[Date "2017.06.09"]
[Round "8"]
[White "Kiefhaber, Julius"]
[Black "Schulz, Paul"]
[Result "1-0"]
[Termination "normal"]
[Board "31"]
[WhiteElo "1187"]
[BlackElo "1001"]
[PlyCount "41"]
[WhiteFideId "16245121"]
[BlackFideId "16245237"]
[EventCountry "GER"]
[EventRounds "9"]
[EventType "swiss"]
[EventDate "2017.06.03"]

1. e4 c5 2. Nf3 Nc6 3. Bb5 g6 4. O-O d6 5. Re1 Bd7 6. c3 Bg7 7. d4 cxd4 8. cxd4
Nxd4 9. Bxd7+ Qxd7 10. Nxd4 Nf6 11. Nc3 O-O 12. Bg5 Rac8 13. Rc1 a6 14. Bxf6
Bxf6 15. Nf3 b5 16. e5 Bg7 17. exd6 exd6 18. Qd2 Rfe8 19. Nd5 Rxe1+ 20. Rxe1
Rc6 21. Ne7+ 1-0

[Event "ODJM B 2017"]
[Site "Willingen GER"]
[Date "2017.06.09"]
[Round "8"]
[White "Bakalarz, Adrian"]
[Black "Butenandt, Albrecht"]
[Result "1-0"]
[Termination "normal"]
[Board "32"]
[WhiteElo "1039"]
[BlackElo "1031"]
[PlyCount "69"]
[WhiteFideId "12955809"]
[BlackFideId "16213424"]
[EventCountry "GER"]
[EventRounds "9"]
[EventType "swiss"]
[EventDate "2017.06.03"]

1. e4 c5 2. d4 cxd4 3. c3 dxc3 4. Nxc3 Nf6 5. Nf3 g6 6. Bc4 Bg7 7. e5 Ng4 8. h3
Nxe5 9. Nxe5 Bxe5 10. Bxf7+ Kxf7 11. Qd5+ Kf6 12. Ne4+ Kg7 13. Qxe5+ Kf7 14.
Ng5+ Kg8 15. Qd5+ e6 16. Qf3 Qf8 17. Qc3 h6 18. Ne4 Qe7 19. Qxc8+ Qf8 20. Qxb7
Nc6 21. O-O Qd8 22. Nf6+ Kf8 23. Qxd7 Qxd7 24. Nxd7+ Ke7 25. Nc5 Rac8 26. Be3
Nb4 27. Rfc1 h5 28. a3 Nd5 29. b4 Nxe3 30. fxe3 Rhg8 31. a4 Rb8 32. b5 Rb6 33.
Na6 Kf6 34. a5 Rxb5 35. Nc7 1-0

[Event "ODJM B 2017"]
[Site "Willingen GER"]
[Date "2017.06.09"]
[Round "8"]
[White "Hoppstädter, Daniel"]
[Black "Robelly, David"]
[Result "1/2-1/2"]
[Termination "normal"]
[Board "34"]
[WhiteElo "911"]
[BlackElo "1058"]
[PlyCount "110"]
[WhiteFideId "16243625"]
[BlackFideId "16236300"]
[EventCountry "GER"]
[EventRounds "9"]
[EventType "swiss"]
[EventDate "2017.06.03"]

1. e4 e5 2. Nf3 Nc6 3. Bc4 Nf6 4. d3 Be7 5. Be3 O-O 6. Nc3 d6 7. h3 Be6 8. Bxe6
fxe6 9. Ng5 Qd7 10. Nb5 Rad8 11. Nxc7 Rc8 12. Ncxe6 Rcd8 13. Nxd8 Rxd8 14. O-O
h6 15. Nf3 d5 16. exd5 Qxd5 17. c4 Qe6 18. Re1 Qd6 19. Qd2 Qd7 20. Qc3 Bb4 21.
Nxe5 Bxc3 22. Nxd7 Bxe1 23. Nxf6+ gxf6 24. Rxe1 Rxd3 25. Bxh6 Kh7 26. Bf8 Rd2
27. Ba3 Rc2 28. Re6 Rxc4 29. Rxf6 Rc1+ 30. Kh2 Ra1 31. Rf7+ Kg6 32. Rxb7 Rxa2
33. Rd7 Kf5 34. g4+ Kg5 35. Be7+ Nxe7 36. Rxe7 Rxb2 37. Rxa7 Rxf2+ 38. Kg3 Rb2
39. h4+ Kg6 40. h5+ Kg5 41. Rg7+ Kh6 42. Rg6+ Kh7 43. Kh4 Rh2+ 44. Kg5 Ra2 45.
Rh6+ Kg7 46. Rf6 Ra5+ 47. Rf5 Ra6 48. Kh4 Rb6 49. g5 Rb4+ 50. Kg3 Rb3+ 51. Rf3
Rb5 52. h6+ Kg6 53. Kg4 Rxg5+ 54. Kh3 Kxh6 55. Kh4 Rh5+ 1/2-1/2

[Event "ODJM B 2017"]
[Site "Willingen GER"]
[Date "2017.06.09"]
[Round "8"]
[White "Bendtschneider, Nils"]
[Black "Abou Wally, Adrian"]
[Result "1/2-1/2"]
[Termination "normal"]
[Board "35"]
[WhiteElo "1080"]
[BlackElo "1197"]
[PlyCount "43"]
[WhiteFideId "16245180"]
[BlackFideId "16245113"]
[EventCountry "GER"]
[EventRounds "9"]
[EventType "swiss"]
[EventDate "2017.06.03"]

1. d4 d5 2. Nc3 Nf6 3. Nf3 Bf5 4. Bf4 e6 5. e3 Nbd7 6. Bd3 Bxd3 7. cxd3 Be7 8.
e4 dxe4 9. dxe4 O-O 10. O-O Nb6 11. a3 a5 12. Qc2 c6 13. Ng5 Nh5 14. Nh3 Nxf4
15. Nxf4 Qxd4 16. Rfd1 Qf6 17. Nh5 Qh4 18. Ng3 Bc5 19. e5 Rfd8 20. Nce4 Be7 21.
Qb3 Nd5 22. Qxb7 1/2-1/2

[Event "ODJM B 2017"]
[Site "Willingen GER"]
[Date "2017.06.09"]
[Round "8"]
[White "de Veer, Mara"]
[Black "Färber, Sophie"]
[Result "0-1"]
[Termination "normal"]
[Board "37"]
[WhiteElo "1052"]
[BlackElo "1093"]
[PlyCount "68"]
[WhiteFideId "16217349"]
[BlackFideId "16239121"]
[EventCountry "GER"]
[EventRounds "9"]
[EventType "swiss"]
[EventDate "2017.06.03"]

1. e4 e5 2. Bc4 Nf6 3. d3 h6 4. c3 Nc6 5. Bb3 Bc5 6. h3 d6 7. Nf3 Be6 8. Bc2
Qd7 9. b4 Bb6 10. a4 a6 11. Nbd2 Ba7 12. b5 axb5 13. Bb2 Ne7 14. axb5 O-O 15.
c4 c6 16. bxc6 Qxc6 17. Rb1 Rfb8 18. O-O Nh5 19. Nxe5 dxe5 20. Qxh5 b5 21. Qxe5
f6 22. cxb5 Qc8 23. Qg3 Kh7 24. Rfc1 Qd8 25. e5 Rxb5 26. exf6 Rg5 27. fxe7 Qxe7
28. d4+ Kh8 29. Qd3 g6 30. Nf3 Rf5 31. Nh4 Qxh4 32. g3 Qxh3 33. d5+ Kg8 34.
dxe6 Bxf2# 0-1

[Event "ODJM B 2017"]
[Site "Willingen GER"]
[Date "2017.06.09"]
[Round "8"]
[White "Guo, Jacob Tingshen"]
[Black "Köber, Simon"]
[Result "1/2-1/2"]
[Termination "normal"]
[Board "38"]
[WhiteElo "971"]
[BlackElo "1232"]
[PlyCount "62"]
[WhiteFideId "16245245"]
[BlackFideId "16245083"]
[EventCountry "GER"]
[EventRounds "9"]
[EventType "swiss"]
[EventDate "2017.06.03"]

1. e4 e5 2. Nf3 Nc6 3. Bc4 Bc5 4. Nc3 Nf6 5. d3 h6 6. Ne2 d6 7. c3 Bg4 8. Ng3
Qd7 9. O-O O-O 10. Qe2 Ne7 11. Be3 Bb6 12. Bxb6 cxb6 13. d4 exd4 14. cxd4 d5
15. exd5 Nexd5 16. Bxd5 Qxd5 17. Qe3 Bxf3 18. gxf3 Rad8 19. Rfd1 Rfe8 20. Qd3
Nh5 21. Nxh5 Qxh5 22. d5 Rd6 23. Rd2 Qg6+ 24. Qxg6 Rxg6+ 25. Kf1 Rd8 26. Rad1
Rgd6 27. Ke2 Re8+ 28. Kf1 Red8 29. Ke2 Re8+ 30. Kf1 Red8 31. Ke2 Re8+ 1/2-1/2

[Event "ODJM B 2017"]
[Site "Willingen GER"]
[Date "2017.06.09"]
[Round "8"]
[White "Reichel, Sara"]
[Black "Listing, Lara Marie"]
[Result "1-0"]
[Termination "normal"]
[Board "39"]
[WhiteElo "1154"]
[BlackElo "724"]
[PlyCount "65"]
[WhiteFideId "16245130"]
[BlackFideId "16245300"]
[EventCountry "GER"]
[EventRounds "9"]
[EventType "swiss"]
[EventDate "2017.06.03"]

1. e4 e5 2. Nf3 Nc6 3. Bc4 Bc5 4. d4 exd4 5. Ng5 d5 6. Bxd5 Be6 7. Bxe6 Bb4+ 8.
c3 Bxc3+ 9. bxc3 fxe6 10. Nxe6 Qd7 11. Qg4 Nf6 12. Nxg7+ Kf8 13. Ba3+ Kf7 14.
Qxd7+ Nxd7 15. Nf5 dxc3 16. Nxc3 a6 17. O-O b5 18. Bb2 b4 19. Nh6+ Kg6 20. Nd5
Rhf8 21. Ng4 Ra7 22. f4 Rb8 23. f5+ Kf7 24. Nh6+ Kf8 25. f6 Rab7 26. f7 Nde5
27. Rf4 Nxf7 28. Rxf7+ Ke8 29. Raf1 a5 30. Rf8+ Kd7 31. e5 a4 32. R8f7+ Ke6 33.
Nf4# 1-0

[Event "ODJM B 2017"]
[Site "Willingen GER"]
[Date "2017.06.09"]
[Round "8"]
[White "Foos, Vanessa"]
[Black "Paeslack, Timo"]
[Result "0-1"]
[Termination "normal"]
[Board "40"]
[WhiteElo "935"]
[BlackElo "1041"]
[PlyCount "68"]
[WhiteFideId "16245270"]
[BlackFideId "12993522"]
[EventCountry "GER"]
[EventRounds "9"]
[EventType "swiss"]
[EventDate "2017.06.03"]

1. e4 e5 2. Nf3 Nc6 3. Bc4 Bc5 4. b4 Bd4 5. c3 Bb6 6. d4 exd4 7. Nxd4 Nxd4 8.
cxd4 Nf6 9. e5 d5 10. exf6 dxc4 11. fxg7 Qxd4 12. gxh8=Q+ Qxh8 13. Qe2+ Be6 14.
Bb2 Bd4 15. Nc3 Bxc3+ 16. Bxc3 Qxc3+ 17. Qd2 Qxa1+ 18. Qd1 Qxd1+ 19. Kxd1
O-O-O+ 20. Kc2 Bf5+ 21. Kc3 b5 22. Re1 Rd3+ 23. Kb2 c3+ 24. Kb3 c2+ 25. Kxc2
Re3+ 26. Kd2 Rxe1 27. Kxe1 Kd7 28. h3 Be6 29. g4 Bxa2 30. f4 Kd6 31. f5 f6 32.
h4 h6 33. h5 Ke5 34. g5 fxg5 0-1

[Event "ODJM B 2017"]
[Site "Willingen GER"]
[Date "2017.06.09"]
[Round "8"]
[White "Ludwig, Lea"]
[Black "Costa, Martina"]
[Result "1/2-1/2"]
[Termination "normal"]
[Board "41"]
[WhiteElo "1251"]
[BlackElo "854"]
[PlyCount "72"]
[WhiteFideId "16217381"]
[BlackFideId "16241428"]
[EventCountry "GER"]
[EventRounds "9"]
[EventType "swiss"]
[EventDate "2017.06.03"]

1. d4 d5 2. e3 Nf6 3. Bd3 Nc6 4. c3 e6 5. Nf3 Bd6 6. Nbd2 e5 7. e4 Bg4 8. exd5
Nxd5 9. dxe5 Qe7 10. Be2 Bxe5 11. Nxe5 Bxe2 12. Qxe2 Nxe5 13. O-O Nf4 14. Qe4
Qf6 15. Nf3 Nfg6 16. Bg5 Qe6 17. Rfe1 f6 18. Bf4 Nxf4 19. Qxf4 O-O 20. Nxe5
fxe5 21. Qxe5 Qb6 22. Qe6+ Qxe6 23. Rxe6 Rad8 24. g3 Rd2 25. Rae1 Kf7 26. Re7+
Kg8 27. Rf1 Rf7 28. Ree1 Rxb2 29. Ra1 Rc2 30. c4 Rxc4 31. f4 a6 32. Rfc1 Rxc1+
33. Rxc1 c6 34. Rd1 b5 35. Rd6 c5 36. Kf2 c4 1/2-1/2

[Event "ODJM B 2017"]
[Site "Willingen GER"]
[Date "2017.06.09"]
[Round "8"]
[White "Schulz, Jonas"]
[Black "Claussen, Carlos"]
[Result "1-0"]
[Termination "normal"]
[Board "43"]
[WhiteElo "1120"]
[BlackElo "864"]
[PlyCount "189"]
[WhiteFideId "16245172"]
[BlackFideId "16245288"]
[EventCountry "GER"]
[EventRounds "9"]
[EventType "swiss"]
[EventDate "2017.06.03"]

1. e4 e5 2. Nf3 Nc6 3. Bc4 Nf6 4. d3 Bc5 5. Nc3 d6 6. Bg5 Bg4 7. Nd5 Nd4 8.
Nxf6+ gxf6 9. Bh6 Rg8 10. Rg1 Rg6 11. h3 Nxf3+ 12. gxf3 Bxh3 13. Rxg6 fxg6 14.
Qd2 Qd7 15. O-O-O O-O-O 16. Qc3 f5 17. Qb3 Qc6 18. Bg5 Re8 19. Bb5 Qb6 20. Bxe8
Qxb3 21. axb3 Bxf2 22. Rh1 b6 23. Rxh3 fxe4 24. dxe4 h5 25. Rh2 Bg3 26. Rg2 Be1
27. Bf6 h4 28. Bxh4 Bxh4 29. Rxg6 Kb7 30. b4 Ka6 31. b5+ Kb7 32. Bc6+ Kc8 33.
Rg8+ Bd8 34. Bb7+ Kxb7 35. Rxd8 c6 36. bxc6+ Kxc6 37. Rc8+ Kb7 38. Rd8 Kc7 39.
Rh8 Kc6 40. Rc8+ Kb7 41. Rd8 Kc7 42. Rg8 Kc6 43. b4 b5 44. Ra8 Kb7 45. Rf8 Kc7
46. f4 exf4 47. Rxf4 d5 48. Rf6 Kd7 49. exd5 Ke7 50. Rc6 Kd7 51. c3 Ke7 52. Rc5
Kd6 53. Rxb5 Kc7 54. Ra5 Kb7 55. d6 Kb8 56. d7 Kc7 57. Rxa7+ Kd8 58. b5 Ke7 59.
d8=Q+ Kxd8 60. b6 Kc8 61. c4 Kb8 62. c5 Kc8 63. Kb2 Kb8 64. Kb3 Kc8 65. c6 Kb8
66. c7+ Kc8 67. b7+ Kxc7 68. b8=Q+ Kxb8 69. Ra6 Kb7 70. Rf6 Kc7 71. Kc4 Kd7 72.
Kd5 Ke7 73. Ke5 Kd7 74. Re6 Kc7 75. Rd6 Kb7 76. Rf6 Kc7 77. Rf5 Kc6 78. Kd4 Kb6
79. Kc4 Ka6 80. Rb5 Ka7 81. Kc5 Ka6 82. Rb3 Ka5 83. Kc6 Ka4 84. Rb5 Ka3 85. Kc5
Ka4 86. Kc4 Ka3 87. Rb4 Ka2 88. Kc3 Ka3 89. Kc4 Ka2 90. Rb3 Ka1 91. Kc3 Ka2 92.
Kc2 Ka1 93. Kc1 Ka2 94. Kc2 Ka1 95. Ra3# 1-0